000 00512nam a2200181Ia 4500
008 090123s9999 xx 000 0 und d
082 _b31585
100 _aकुलकर्णी अमृता
245 _aकवडसे
250 _a1
260 _bशुभा प्रकाशन
_c1998
300 _a49
600 _aकुलकर्णी अमृता
630 _aकवडसे
700 _aकुलकर्णी अमृता
730 _aकवडसे
942 _cBOOK
999 _c69644
_d69644